[Event "Lagos City Asibor Memorial 2nd"]
[Site "Lagos City"]
[Date "2024.01.25"]
[Round "2"]
[White "Okhipo, Bartholomew Emmanue"]
[Black "Balogun, Oluwafemi Daniel"]
[Result "1/2-1/2"]
[WhiteElo "2066"]
[BlackElo "2269"]
[PlyCount "121"]
[EventDate "2024.01.25"]
[EventType "swiss"]
[EventRounds "7"]
[EventCountry "NGR"]
[SourceTitle "CB05_2024"]
[SourceDate "2024.01.31"]
[SourceVersion "1"]
[SourceVersionDate "2024.01.31"]
[SourceQuality "1"]

1. d4 Nf6 2. c4 g6 3. Nc3 Bg7 4. e4 d6 5. Be2 0-0 6. Be3 Nc6 7. d5 Ne5 8. f4 Neg4 9. Bd2 h5 10. h3 Nh6 11. Nf3 c6 12. Qc1 b5 13. f5 b4 14. Nd1 Kh7 15. Ng5+ Kg8 16. fxg6 fxg6 17. Bxb4 Nf7 18. Nxf7 Rxf7 19. Bf3 cxd5 20. exd5 Bf5 21. Nf2 Qb6 22. Bc3 Raf8 23. Qd2 Nd7 24. Bxg7 Kxg7 25. b3 Ne5 26. Qc3 Kg8 27. Be2 Bd7 28. Ne4 Rf4 29. c5 Qb7 30. c6 Qb6 31. Ng3 Qf2+ 32. Kd1 Rd4+ 33. Kc1 Rd3 34. Bxd3 Qxg3 35. cxd7 Nxd3+ 36. Kb1 Qxg2 37. Qxd3 Qxh1+ 38. Kb2 Qg2+ 39. Ka3 Rd8 40. Rf1 Rxd7 41. Rf3 Qg5 42. Rg3 Qc1+ 43. Ka4 Qf4+ 44. b4 Qf7 45. Rxg6+ Kf8 46. Rg1 Ke8 47. Rc1 e5 48. Rf1 Qg8 49. Qf5 Kd8 50. Qf6+ Kc7 51. Rc1+ Kb8 52. Rc6 Qd8 53. Qe6 a5 54. bxa5 Ka7 55. Rc4 Rb7 56. Qf5 Qe8+ 57. Ka3 Qb5 58. Qf2+ Kb8 59. Qf8+ Ka7 60. Qf2+ Kb8 61. Qf8+ 1/2-1/2

[Event "Lagos South West op"]
[Site "Lagos"]
[Date "2023.07.14"]
[Round "5"]
[White "Okhipo, Bartholomew Emmanue"]
[Black "Aikhoje, Odion"]
[Result "1-0"]
[WhiteElo "2015"]
[BlackElo "2219"]
[PlyCount "63"]
[EventDate "2023.07.12"]
[EventType "swiss"]
[EventRounds "9"]
[EventCountry "NGR"]
[SourceTitle "CBM 215 Extra"]
[Source "ChessBase"]
[SourceDate "2023.09.30"]
[SourceVersion "1"]
[SourceVersionDate "2023.09.30"]
[SourceQuality "1"]

1. e4 Nf6 2. e5 Nd5 3. d4 d6 4. Nf3 Bg4 5. Be2 e6 6. 0-0 Nc6 7. c4 Nb6 8. exd6 cxd6 9. d5 exd5 10. cxd5 Bxf3 11. gxf3 Ne5 12. f4 Ned7 13. a4 Nc8 14. a5 a6 15. Qd4 Qf6 16. Qe3+ Be7 17. Kh1 Qf5 18. Nc3 0-0 19. Rg1 Nf6 20. Bd3 Qd7 21. f5 Kh8 22. Qf3 Ne8 23. Ne4 Qd8 24. Rg3 Nf6 25. Ng5 h6 26. Bd2 hxg5 27. Rh3+ Kg8 28. Bxg5 Re8 29. Rg1 Kf8 30. Rh8+ Ng8 31. f6 Bxf6 32. Bxf6 1-0